Statistics for Spanish Names in English

Click here to take the quiz!

General Stats

  • This quiz has been taken 253 times
  • The average score is 24 of 40

Answer Stats

SpanishEnglish% Correct
MariaMary
92%
YessicaJessica
90%
AlejandroAlexander
89%
RicardoRichard
88%
MateoMatthew
87%
MiguelMichael
86%
AndrésAndrew
83%
RaquelRachel
82%
BeatrizBeatrice
79%
AlejandraAlexandra
78%
MartaMartha
78%
NoemíNaomi
76%
ElenaHelen
75%
CristóbalChristopher
74%
JoséJoseph
74%
MargaritaMargaret
74%
ÁmbarAmber
71%
CarlosCharles
71%
CarlotaCharlotte
71%
EnriqueHenry
65%
CatalinaKatherine
65%
IsabelElisabeth
62%
AdánAdam
60%
DomingoDominic
60%
GuillermoWilliam
57%
JavierXavier
55%
RamónRaymond
53%
JosuéJoshua
52%
DiegoJames
50%
BetaniaBethany
46%
JuanaJoanna
40%
LolitaDolores
38%
InésAgnes
31%
BenitoBenedict
24%
BlancaBlanche
22%
ÁguedaAgatha
14%
ArmandoHerman
12%
Cesc*Francis
10%
MirtaMyrtle
10%
GutierreWalter
6%

Score Distribution

Percentile by Number Answered

Percent of People with Each Score

Your Score History

You have not taken this quiz